| 000 | 01115nam a22003497a 4500 | ||
|---|---|---|---|
| 003 | CHAP | ||
| 005 | 20220817042237.0 | ||
| 008 | 971013s1985 r 00010 d | ||
| 010 | _a38505 | ||
| 011 | _a39477 | ||
| 035 | _a43598 | ||
| 040 | _cCHAP | ||
| 082 | 0 | 0 |
_a630.717 _bF37y |
| 110 | 0 | _aFAO | |
| 245 | 1 | _aManual de capacitación en actividades de extensión | |
| 260 |
_aRoma : _bFAO, _c1985 |
||
| 300 |
_a152 p. _b: ilus. |
||
| 490 |
_aFAO. Capacitación _v; 11 |
||
| 590 |
_aBATCH-UPD _b10 _c20130110 _lUCH01 _h1916 |
||
| 590 |
_aBATCH-UPD _b10 _c20130410 _lUCH01 _h1243 |
||
| 590 |
_aBATCH-UPD _b10 _c20130914 _lUCH01 _h1146 |
||
| 590 |
_aCONVERSION _b10 _c20130109 _lUCH01 _h1321 |
||
| 650 | 1 | 4 |
_aDesarrollo de la comunidad rural. _931995 |
| 650 | 1 | 4 |
_aExtensión agrícola. _939144 |
| 700 | 0 |
_aGarforth, Christopher. _946882 |
|
| 700 | 0 |
_aOakley, Peter. _982390 |
|
| 830 | 0 |
_aFAO. Capacitación _v; 11 _939463 |
|
| 901 | _aBK | ||
| 942 | _cLIBRO | ||
| 949 |
_a630.717 F37y _bBC _cFAO _d33724002050644 _eFAO1 _h68772 _i43598 _si |
||
| 949 |
_a630.717 F37Y _bBC _cFAO _d33724002136173 _eFAO2 _fc.2 _h68777 _i43598 _si |
||
| 999 |
_c38505 _d38505 |
||